1846 1218 1128 1063 1736 1145 1158 1445 1089 1372 1093 1387 1544 1079 1330 1589 1656 1932 1229 1337 1220 1275 1924 1824 1417 1827 1660 1298 1512 1614 1405 1017 1009 1845 1945 1204 1665 1544 1201 1603 1562 1128 1642 1426 1805 1996 1242 1270 1963 1491 1297 1072 1175 1551 1983 1995 1582 1767 1550 1378 1233 1564 1387 1728 1949 1256 1915 1207 1945 1467 1913 1471 1586 1718 1432 1490 1470 1141 1887 1206 1088 1080 1792 1093 1047 1663 1022 1454 1373 1744 1268 1469 1287 1595 1480 1008 1264 1571 1378 BCNSPRNW ULIB Ver.6.0+V

เปลี่ยนเป็นภาษาไทย

Change to English
 แสดงรายละเอียดบรรณานุกรม
  กลับหน้าหลัก

Brief Record : Get Marc (ISO 2709) : E-mail record : QR code < ปิดหน้าต่าง
LEADER : 00000nam 2200000uu 4500
001    13399112120
003     ULIB
008    110203s2548||||th 000 0 tha d
020    9740403174
060 04 WM100^bส247ต 2548
100 0  สมภพ เรืองตระกูล
245 00 ตำราจิตเวชศาสตร์ /^cสมภพ เรืองตระกูล
250    พิมพ์ครั้งที่ 9
260    กรุงเทพฯ :^bร.พ.เรือนแก้ว,^c2548
300    536 หน้า ;^c26 ซม.
650  7 จิตเวชศาสตร์
945    ^p350^l0^i016420
945    ^p350^l0^i023774
945    ^p350^l0^i023775
995    ทศพร
999 ^a ใช้งานได้ทุกระบบ
รายการนี้ยังไม่มีแท็ก
คุณยังไม่ได้ล็อกอิน คุณสามารถมีกิจกรรมร่วมกับเว็บไซต์ได้ แต่ต้องล็อกอินก่อน ::
  ล็อกอิน

รายการสื่อสารสนเทศ

ลำดับที่ ประเภท เลขเรียก/บาร์โค้ด สถานที่ สถานะ
- ไม่พบข้อมูล -

รายการใกล้เคียง
    ผู้แต่ง [สมภพ เรืองตระกูล]

    หัวเรื่อง [จิตเวชศาสตร์]

BibComment


ยังไม่เคยถูกคอมเมนท์

คอมเมนท์ทรัพยากรรายการนี้
  คอมเมนท์: ตำราจิตเวชศาสตร์ ..


 Copyright 2026. Bcnsprnw @Library